<?xml version="1.0" encoding="UTF-8"?>
<record
    xmlns:xsi="http://www.w3.org/2001/XMLSchema-instance"
    xsi:schemaLocation="http://www.loc.gov/MARC21/slim http://www.loc.gov/standards/marcxml/schema/MARC21slim.xsd"
    xmlns="http://www.loc.gov/MARC21/slim">

  <leader>01363    a2200229   4500</leader>
  <controlfield tag="001">40354</controlfield>
  <controlfield tag="005">20260407155657.0</controlfield>
  <controlfield tag="008">260407a    arg                 spa d    </controlfield>
  <controlfield tag="003">AR-UNSa-BCEJYS</controlfield>
  <datafield tag="040" ind1=" " ind2=" ">
    <subfield code="a">AR-UNSa-BCEJYS</subfield>
    <subfield code="b">spa</subfield>
    <subfield code="c">AR-UNSa-BCEJYS</subfield>
  </datafield>
  <datafield tag="080" ind1=" " ind2=" ">
    <subfield code="a">658.56</subfield>
    <subfield code="x">Control de la calidad. Control de herramientas y material</subfield>
  </datafield>
  <datafield tag="245" ind1="1" ind2="0">
    <subfield code="a">Las normas internacionales de aseguramiento de la calidad</subfield>
    <subfield code="p">su aplicaci&#xF3;n en la Argentina</subfield>
  </datafield>
  <datafield tag="020" ind1=" " ind2=" ">
    <subfield code="a">950-43-6830-1</subfield>
  </datafield>
  <datafield tag="264" ind1=" " ind2="1">
    <subfield code="a">Bah&#xED;a Blanca :</subfield>
    <subfield code="b">Universidad Nacional del Sur</subfield>
  </datafield>
  <datafield tag="300" ind1=" " ind2=" ">
    <subfield code="a">107 p.</subfield>
    <subfield code="c">21 cm.</subfield>
  </datafield>
  <datafield tag="505" ind1=" " ind2=" ">
    <subfield code="a">1. Introducci&#xF3;n - 2. Qu&#xE9; es la ISO y c&#xF3;mo se generan sus normas - 3. Antecedentes de las normas ISO SERIE 9000 - 4. Qu&#xE9; es el sistema de la calidad - 5. Plan de acci&#xF3;n - 6. El compromiso de la alta administraci&#xF3;n - 7. Auditorias del sistema de la calidad - 8. Certificaci&#xF3;n y registro de empresas con sistema de calidad asegurada - 9. Las normas ISO SERIE 9000 y su aplicaci&#xF3;n en la Rep&#xFA;blica Argentina - 10. Criterios para seleccionar el tipo de registro - 11. Criterios para seleccionar el ente certificante - 12. Procesos IRAM de solicitud y otorgamiento - 13. Situaci&#xF3;n y perspectiva del aseguramiento de la calidad en la Argentina</subfield>
  </datafield>
  <datafield tag="041" ind1=" " ind2=" ">
    <subfield code="a">spa</subfield>
  </datafield>
  <datafield tag="942" ind1=" " ind2=" ">
    <subfield code="c">BK</subfield>
  </datafield>
  <datafield tag="590" ind1=" " ind2=" ">
    <subfield code="a">niveau_biblio:m niveau_hierar:0</subfield>
  </datafield>
  <datafield tag="100" ind1="1" ind2=" ">
    <subfield code="a">Castagnet, Juan C.</subfield>
  </datafield>
  <datafield tag="700" ind1="1" ind2=" ">
    <subfield code="a">Casta&#xF1;aga, Ricardo</subfield>
  </datafield>
  <datafield tag="999" ind1=" " ind2=" ">
    <subfield code="c">3199</subfield>
    <subfield code="d">3199</subfield>
  </datafield>
  <datafield tag="952" ind1=" " ind2=" ">
    <subfield code="0">0</subfield>
    <subfield code="1">0</subfield>
    <subfield code="4">0</subfield>
    <subfield code="7">0</subfield>
    <subfield code="a">BCEJYS</subfield>
    <subfield code="b">BCEJYS</subfield>
    <subfield code="c">16</subfield>
    <subfield code="d">2026-04-07</subfield>
    <subfield code="l">0</subfield>
    <subfield code="o">658.56 C346n</subfield>
    <subfield code="p">L85451</subfield>
    <subfield code="r">2026-04-07 15:56:57</subfield>
    <subfield code="w">2026-04-07</subfield>
    <subfield code="y">L</subfield>
  </datafield>
</record>
